00318 a2200121 4500020001100000035001300011037004600024082000600070100001800076245005800094260003400152300001000186 c975.00 aB-211639 bRP-RKP-8-183 / UBH-07-08:9 / RP-07-08:ENG14aN1 aRowling, J.K.1 aHarry Potter and the deathly hallowscby J.K. Rowling aLondonbBloomsvury Publishing a607 p